De regio patronatu, ac aliis nonnullis regalis, regibus catholicis, in indiarum occidentalium imperio, pertinentibus

Detalles Bibliográficos
Autor principal: FRASSO, Pedro
Formato: Libro
Publicado: Madrid 1677
Materias:
Colección:Banco de datos
Acervo:Biblioteca Nacional de Antropología e Historia. Fondo Conventual
Tema general:Derecho Eclesiástico
Notas:Buena. XVIII, 4, 1.
LEADER 00762nam a22001930004500
035 |a 13063 
036 |a 609 
100 1 |a FRASSO, Pedro 
245 1 0 |a De regio patronatu, ac aliis nonnullis regalis, regibus catholicis, in indiarum occidentalium imperio, pertinentibus 
260 |a Madrid  |b Tipografía Imperial de José Fernández Buendía  |c 1677 
500 |a Buena. XVIII, 4, 1. 
650 1 0 |a Derecho Eclesiástico 
949 |a B.N.A.H. 
959 |a Biblioteca Nacional de Antropología e Historia. Ciudad de México  |b CCC1 
960 |a Colección General de B.N.A.H. de la ciudad de México  |b DD58 
961 |a Varias Ordenes Religiosas  |b VO 
942 |c B.N.A.H. 
943 |g Biblioteca Nacional de Antropología e Historia. Fondo Conventual 
999 |c 1037595  |d 1037595